| 000 | 00530nam a22002057a 4500 | ||
|---|---|---|---|
| 003 | dpl | ||
| 005 | 20180618144458.0 | ||
| 008 | 180618b xxu||||| |||| 00| 0 eng d | ||
| 010 | _aB-012143 | ||
| 020 | _c0.00 | ||
| 035 | _aB-012143 | ||
| 037 | _bBPPD/PUB | ||
| 040 |
_adpl _bEnglish _c0 |
||
| 082 | _a657.45 | ||
| 100 | _aPorwal (L.S.) | ||
| 245 |
_aAuditing Exclusively _cby L.S. Porwal |
||
| 300 |
_aV; 469p. _c23 cm (Hb) |
||
| 650 | _aAuditing | ||
| 942 |
_adpl _cEN _k657.45 / POR _2ddc _h657.45 _mPOR |
||
| 999 |
_c152789 _d152789 |
||